| 000 | 00888cab a2200205 4500 | ||
|---|---|---|---|
| 001 | ABS38967 | ||
| 008 | 090401t1988 xxu||||| |||| 00| 0 eng d | ||
| 035 | _a(Sirsi) u13539 | ||
| 041 | _aeng | ||
| 100 | _aBranson, C. | ||
| 245 | _aLaser 1988 Property Trust beams up | ||
| 260 | _c1988 | ||
| 350 | _a0 | ||
| 490 |
_aChartered Surveyor Weekly _v22(9) 3 March 1988, 23(1) |
||
| 520 | _aBriefly reports on a new unitisation vehicle set up by Colegrave Johnson Fry . The scheme, London and South-East Enterprise Zone Real Property Trust (1988), Laser 1988 Trust for short, offers a chance to invest in property located in the following enterprise zones : the Isle of Dogs , Chatham and Telford . Notes the tax benefits arising from investment and illustrates with examples. | ||
| 650 | _aENTERPRISE TRUSTS | ||
| 690 | _aPROPERTY LAW AND PRACTICE | ||
| 942 | _n0 | ||
| 948 | _c04/03/1997 | ||
| 999 |
_c8721 _d8721 |
||